| 000 | 00386pab a2200157 454500 | ||
|---|---|---|---|
| 008 | 180718b2011 xxu||||| |||| 00| 0 eng d | ||
| 100 | _aRajamani, R.C. | ||
| 245 | _aEconomic survey 2010-11: Aggressive pursuit of fresh reforms called for | ||
| 260 | _c2011 | ||
| 300 | _ap.5-8. | ||
| 362 | _aMar | ||
| 650 | _aEconomic surveys | ||
| 773 | _aYojana | ||
| 908 | _aN | ||
| 909 | _a90939 | ||
| 999 |
_c90939 _d90939 |
||